Macroeconomic for B.com 2nd Sem (Record no. 5779)

MARC details
000 -LEADER
fixed length control field 00329nam a2200133Ia 4500
008 - FIXED-LENGTH DATA ELEMENTS--GENERAL INFORMATION
fixed length control field 191201s2012 xx 000 0 und d
082 ## - DEWEY DECIMAL CLASSIFICATION NUMBER
Classification number 338.5
Item number MIM
100 ## - MAIN ENTRY--PERSONAL NAME
Personal name MISRA,SK
245 #0 - TITLE STATEMENT
Title Macroeconomic for B.com 2nd Sem
260 ## - PUBLICATION, DISTRIBUTION, ETC. (IMPRINT)
Place of publication, distribution, etc N. Delhi
Name of publisher, distributor, etc Himalaya Publication House
Date of publication, distribution, etc 2012
300 ## - PHYSICAL DESCRIPTION
Extent 288
650 ## - SUBJECT ADDED ENTRY--TOPICAL TERM
Topical term or geographic name as entry element BBA
942 ## - ADDED ENTRY ELEMENTS (KOHA)
Source of classification or shelving scheme Dewey Decimal Classification
Koha item type Text Books
Holdings
Withdrawn status Lost status Source of classification or shelving scheme Damaged status Not for loan Collection code Home library Current library Date acquired Source of acquisition Cost, normal purchase price Bill Number Total Checkouts Full call number Acc. no. / Barcode Date last seen Date last borrowed Bill Date Koha item type
    Dewey Decimal Classification     BBA PIET C-LIBRARY PIET C-LIBRARY 28/11/2013 IBH, New Delhi 210.00 15735 1 339 MIM 22877 02/05/2022 21/04/2022 26/11/2013 Text Books
    Dewey Decimal Classification     BBA PIET C-LIBRARY PIET C-LIBRARY 28/11/2013 IBH, New Delhi 210.00 15735   339 MIM 22878 04/12/2019   26/11/2013 Text Books
    Dewey Decimal Classification     BBA PIET C-LIBRARY PIET C-LIBRARY 28/11/2013 IBH, New Delhi 210.00 15735 5 339 MIM 22879 26/05/2023 16/05/2023 26/11/2013 Text Books
    Dewey Decimal Classification     BBA PIET C-LIBRARY PIET C-LIBRARY 28/11/2013 IBH, New Delhi 210.00 15735 2 339 MIM 22880 06/06/2023 24/05/2023 26/11/2013 Text Books

Design & Developed by: PIET Central Library
R70 Miles Stone Pattikalyana Samalkha Panipat 132102
mail ID :- [email protected], Phone No:- 0180-2569700 Ex.216